CLINICAL LEGAL EDUCATION (Record no. 9650)

MARC details
000 -LEADER
fixed length control field 00324nam a22001457a 4500
003 - CONTROL NUMBER IDENTIFIER
control field SGT
020 ## - INTERNATIONAL STANDARD BOOK NUMBER
International Standard Book Number 9789350353196
082 ## - DEWEY DECIMAL CLASSIFICATION NUMBER
Classification number 340.07 954, KUM
100 ## - MAIN ENTRY--PERSONAL NAME
Personal name KUMAR,N.M.G
245 ## - TITLE STATEMENT
Title CLINICAL LEGAL EDUCATION
260 ## - PUBLICATION, DISTRIBUTION, ETC. (IMPRINT)
Place of publication, distribution, etc NEW DELHI
Name of publisher, distributor, etc UNIVERSAL
Year of Publication 2013
300 ## - PAGE DESCRIPTION
No. of Pages 196
650 ## - SUBJECT ADDED ENTRY--TOPICAL TERM
Topical term or geographic name as entry element LEGAL EDUCATION
942 ## - ADDED ENTRY ELEMENTS (KOHA)
Source of classification or shelving scheme Dewey Decimal Classification
Koha item type Books
942 ## - ADDED ENTRY ELEMENTS (KOHA)
-- 1
Holdings
Withdrawn status Lost status Source of classification or shelving scheme Damaged status Not for loan Collection code Home library Current library Shelving location Date acquired Vendor Name Cost, normal purchase price SGTU Bill Number Full call number Accession No. (Barcode) Date last seen Bill Date Koha item type Total Checkouts Checked out Date last borrowed
Withdrawn Lost Dewey Decimal Classification     LAW SGT Science & Social Sciences Library SGT Science & Social Sciences Library Text Book 26/07/2016 COMMERCIAL BOOK HOUSE 195.00 SGTU 14999 340.07 954, KUM FL243 26/07/2016 07/02/2014 Books      
    Dewey Decimal Classification     LAW SGT Science & Social Sciences Library SGT Science & Social Sciences Library Text Book 26/07/2016 COMMERCIAL BOOK HOUSE 195.00 SGTU 14999 340.07 954, KUM FL244 13/04/2026 07/02/2014 Books 2 13/05/2026 13/04/2026